1664 1636 1772 1703 1546 1103 1837 1921 1808 1535 1770 1756 1784 1820 1338 1032 1655 1738 1845 1977 1800 1450 1145 1990 1936 1016 1522 1852 1455 1967 1198 1796 1667 1280 1973 1902 1336 1409 1723 1434 1923 1364 1223 1750 1889 1472 1716 1941 1801 1894 1477 1547 1147 1295 1354 1529 1180 1722 1109 1083 1187 1084 1824 1285 1246 1398 1975 1537 1901 1992 1561 1532 1414 1145 1724 1521 1784 1814 1631 1231 1278 1600 1575 1374 1970 1731 1886 1271 1515 1823 1646 1151 1951 1036 1064 1459 1899 1595 1196 BCNSPRNW ULIB Ver.6.0+V

เปลี่ยนเป็นภาษาไทย

Change to English
 แสดงรายละเอียดบรรณานุกรม
  กลับหน้าหลัก

Brief Record : Get Marc (ISO 2709) : E-mail record : QR code < ปิดหน้าต่าง
LEADER : 00000nam 2200000uu 4500
001    13399110426
003     ULIB
008    110527s2553||||th 000 0 tha d
020    9749441982
020    9789749441985
050  4 H97^bม189น
100 0  มยุรี อนุมานราชธน
245 10 นโยบายสาธารณะ /^cมยุรี อนุมานราชธน
250    พิมพ์ครั้งที่ 3
260    กรุงเทพฯ :^bเอ็กซเปอร์เน็ท,^c2553
300    [ก]-ฎ, 323 หน้า :^bภาพประกอบ ;^c26 ซม.
650  7 การบริหารรัฐกิจ
650  7 นโยบายสาธารณะ
710 2  มหาวิทยาลัยเชียงใหม่. ^bคณะสังคมศาสตร์. ^bภาควิชารัฐศาสตร์
945    ^p300^l0^i18184
995    เกษร
999    ^aใช้งานได้ทุกระบบ
รายการนี้ยังไม่มีแท็ก
คุณยังไม่ได้ล็อกอิน คุณสามารถมีกิจกรรมร่วมกับเว็บไซต์ได้ แต่ต้องล็อกอินก่อน ::
  ล็อกอิน

รายการสื่อสารสนเทศ

ลำดับที่ ประเภท เลขเรียก/บาร์โค้ด สถานที่ สถานะ
1. วิทยาศาสตร์การแพทย์ และสุขภาพ
วิทยาศาสตร์การแพทย์ และสุขภาพ
H97 ม189น  
  Barcode: 18184
ห้องสมุดวิทยาเขตสวรรค์ประชารักษ์
►นวนิยาย
บนชั้น
  ขอยืม

รายการใกล้เคียง
    ผู้แต่ง [มยุรี อนุมานราชธน]

    หัวเรื่อง [การบริหารรัฐกิจ]
    หัวเรื่อง [นโยบายสาธารณะ]

BibComment


ยังไม่เคยถูกคอมเมนท์

คอมเมนท์ทรัพยากรรายการนี้
  คอมเมนท์: นโยบายสาธารณะ มย..


 Copyright 2026. Bcnsprnw @Library